| 000 | 00784nam a2200265Ia 4500 | ||
|---|---|---|---|
| 008 | 160319s9999 xx 000 0 und d | ||
| 245 | 2 | _aA Fruitcake Christmas / | |
| 245 | _cTim Conway; Don Knotts; Melissa Disney; Troy Schmidt; Michael T Stieber | ||
| 260 | _bEpiphany Video | ||
| 260 | _c2005 | ||
| 300 | _a1 videodisc (ca. 157 mins) : | ||
| 300 | _bsound., color ; | ||
| 300 | _c4 3/4 in. | ||
| 440 | _aHermie & friends. | ||
| 500 | _aOriginal story, Max Lucado, Troy Schmidt. | ||
| 650 | _aChildren's films. | ||
| 650 | _aChristian life -- | ||
| 650 | _aChristmas -- | ||
| 650 | _aConduct of life -- | ||
| 650 | _aGenerosity -- | ||
| 650 | _xJuvenile drama. | ||
| 650 | _xJuvenile drama. | ||
| 650 | _xJuvenile drama. | ||
| 650 | _xJuvenile drama. | ||
| 999 |
_c292558 _d292558 |
||